000 00766nam a2200241Ia 4500
003 OSt
005 20220923210944.0
006 a|||||r|||| 00| 0
007 ta
008 Pun
020 _a8126002670 (hbk)
024 _a235,036
037 _cTextual
040 _aARTS
_cARTS
_bPun
041 _2Pun
_aPun
082 _aO168,3N52,DO, 153N7
100 _aਅਬਦੁੱਸਮਦ; ਆੰਨਦ, ਓਮ ਪ੍ਰਕਾF, ੳਗ.
_9156540
245 0 _aਦੋ ਗਗ਼ ਗ਼ਮੀਨ
260 _aਦਿੱਲੀ
_b ਸਾਹਿਤ ਅਕਾਦੇਮੀ
_c1997
300 _a256ਪੰ
_ccm.
942 _hO168,3N52,DO, 153N7
_cTEXL
_2CC
999 _c293170
_d293170